000
00270nam a22001097a 4500
008
170125b xxu||||| |||| 00| 0 eng d
020
_a
9780815187745
041
_a
eng
080
_a
618.2
245
_a
HEALTH ASSESSMENT FOR NURSING PRACTICE
_c
THOMPSON, J
942
_2
udc
_c
BK
999
_c
3590
_d
3590